[Event "Rennes Masters op"]
[Site "Rennes"]
[Date "2013.03.30"]
[Round "1"]
[White "Otmani, Kamel"]
[Black "Henry, Solenne"]
[Result "1-0"]
[WhiteElo "2104"]
[BlackElo "1672"]
[PlyCount "55"]
[EventDate "2013.03.30"]
[EventType "tourn"]
[EventRounds "7"]
[EventCountry "FRA"]
[SourceTitle "EXT 2014"]
[Source "ChessBase"]
[SourceDate "2013.11.20"]
[SourceVersion "1"]
[SourceVersionDate "2013.11.20"]
[SourceQuality "1"]

1. d4 Nf6 2. c4 e5 3. dxe5 Ng4 4. Nf3 Bc5 5. e3 Nc6 6. a3 Ngxe5 7. Nc3 0-0 8. b4 Bd6 9. Bb2 Nxf3+ 10. gxf3 Re8 11. Be2 Qg5 12. f4 Bxf4 13. exf4 Qxf4 14. Qd2 Qxd2+ 15. Kxd2 Nd4 16. Bd1 c6 17. Re1 Rxe1 18. Kxe1 d6 19. Ne4 Nf5 20. Bg4 d5 21. cxd5 cxd5 22. Bxf5 Bxf5 23. Nd6 Bg4 24. Kd2 b6 25. Rg1 Bh5 26. Rxg7+ Kf8 27. Rxh7 Ke7 28. Nf5+ 1-0

[Event "Ille et Vilaine-ch 1112"]
[Site "Ile et Vilaine"]
[Date "2012.01.28"]
[Round "5.6"]
[White "Henry, Solenne"]
[Black "Pellerin, Thierry"]
[Result "0-1"]
[WhiteElo "1682"]
[BlackElo "1484"]
[PlyCount "58"]
[EventDate "2012.10.??"]
[EventType "swiss"]
[EventRounds "7"]
[EventCountry "FRA"]
[SourceTitle "EXT 2014"]
[Source "ChessBase"]
[SourceDate "2013.11.20"]
[SourceVersion "1"]
[SourceVersionDate "2013.11.20"]
[SourceQuality "1"]

1. e4 e5 2. Nf3 Nf6 3. Nxe5 d6 4. Nf3 Nxe4 5. Bd3 d5 6. Qe2 Qe7 7. 0-0 Bf5 8. Re1 Nc6 9. Bb5 Bd7 10. c4 Nf6 11. Qf1 Be6 12. Nd4 Qd7 13. cxd5 Qxd5 14. Nxc6 bxc6 15. Bc4 Qd7 16. Qe2 Nd5 17. Nc3 Bd6 18. Ne4 Be7 19. d4 0-0 20. Nc5 Bxc5 21. dxc5 Bg4 22. Qd3 Rfe8 23. Bf4 Bf5 24. Qg3 Nxf4 25. Qxf4 Be6 26. Bxe6 fxe6 27. Rad1 Qe7 28. Qe5 Rad8 29. Kf1 Rd5 0-1

[Event "Ille et Vilaine-ch 1112"]
[Site "Ile et Vilaine"]
[Date "2011.12.03"]
[Round "3.12"]
[White "Marchais, Antoine"]
[Black "Henry, Solenne"]
[Result "0-1"]
[WhiteElo "1450"]
[BlackElo "1692"]
[PlyCount "142"]
[EventDate "2012.10.??"]
[EventType "swiss"]
[EventRounds "7"]
[EventCountry "FRA"]
[SourceTitle "EXT 2014"]
[Source "ChessBase"]
[SourceDate "2013.11.20"]
[SourceVersion "1"]
[SourceVersionDate "2013.11.20"]
[SourceQuality "1"]

1. e4 e6 2. d4 d5 3. e5 c5 4. c3 Qb6 5. Nf3 Nc6 6. Bd3 Bd7 7. dxc5 Bxc5 8. 0-0 a5 9. Qd2 Nge7 10. Qg5 Ng6 11. Nbd2 Qc7 12. Re1 0-0 13. Nb3 Ba7 14. Be3 Ncxe5 15. Nxe5 Qxe5 16. Qxe5 Nxe5 17. Bxa7 Nxd3 18. Re3 Nxb2 19. Bd4 Nc4 20. Rg3 e5 21. Bc5 Rfe8 22. Rd1 Bc6 23. Be3 Nxe3 24. Rxe3 e4 25. Nd4 g6 26. Rb1 Re7 27. Rb6 Rc7 28. f3 exf3 29. Rxf3 Kg7 30. Kf2 Re8 31. Rd3 Ree7 32. Nb5 Rcd7 33. Nd4 Ba4 34. Nb3 Bxb3 35. Rxb3 Re6 36. Rb5 b6 37. Rbxd5 Rxd5 38. Rxd5 Rc6 39. Rd3 Rc4 40. Ke3 Rg4 41. Kf3 Ra4 42. Rd2 Ra3 43. Rc2 Kf6 44. Ke4 Ke6 45. c4 Ra4 46. h4 Kd6 47. g4 Kc5 48. Ke5 Rxc4 49. Rxc4+ Kxc4 50. Kf6 b5 51. Kxf7 b4 52. Kg7 b3 53. axb3+ Kxb3 54. Kxh7 a4 55. Kxg6 a3 56. h5 a2 57. h6 a1Q 58. h7 Qh8 59. g5 Kc4 60. Kh6 Kd5 61. g6 Qf6 62. Kh5 Ke6 63. Kg4 Qxg6+ 64. Kf4 Qxh7 65. Ke3 Qc2 66. Kd4 Kd6 67. Ke3 Ke5 68. Kf3 Qe4+ 69. Kf2 Kf4 70. Kf1 Kg3 71. Kg1 Qg2# 0-1

[Event "FRA-chT4"]
[Site "Champagne Ardenne"]
[Date "2005.02.07"]
[Round "5"]
[White "Henry, Solenne"]
[Black "Evrard, Lea"]
[Result "1-0"]
[WhiteElo "1610"]
[BlackElo "1010"]
[PlyCount "32"]
[EventDate "2005.01.09"]
[EventRounds "7"]
[EventCountry "FRA"]
[SourceTitle "EXT 2007"]
[Source "ChessBase"]
[SourceDate "2006.11.23"]
[SourceVersion "1"]
[SourceVersionDate "2006.11.23"]
[SourceQuality "1"]

1. e4 e5 2. Nf3 Nc6 3. Bc4 Nf6 4. Ng5 Bc5 5. Bxf7+ Kf8 6. Bb3 d6 7. Nf7 Qe7 8. Nxh8 Bg4 9. f3 Bh5 10. d3 Nd4 11. g4 Be8 12. h4 b6 13. Nc3 Bb5 14. g5 Nd7 15. g6 hxg6 16. Nxg6+ Ke8 1-0

[Event "FRA-chT4 0304"]
[Site "Champagne Ardenne"]
[Date "2004.03.14"]
[Round "6"]
[White "Roux, Victoria"]
[Black "Henry, Solenne"]
[Result "0-1"]
[WhiteElo "1310"]
[BlackElo "1550"]
[PlyCount "74"]
[EventDate "2003.10.??"]
[EventRounds "6"]
[EventCountry "FRA"]
[SourceTitle "EXT 2005"]
[Source "ChessBase"]
[SourceDate "2004.11.15"]
[SourceVersion "1"]
[SourceVersionDate "2004.11.15"]
[SourceQuality "1"]

1. d4 Nf6 2. Nf3 d5 3. Bf4 c5 4. e3 Nc6 5. c4 Qb6 6. Qb3 Qxb3 7. axb3 Nb4 8. Kd1 Ne4 9. Bg3 Nxg3 10. hxg3 e6 11. Nc3 cxd4 12. Nxd4 a6 13. Ndb5 Rb8 14. Nd4 Bc5 15. Nf3 0-0 16. Kd2 Rd8 17. Bd3 dxc4 18. bxc4 Rxd3+ 19. Ke2 Rd8 20. Rh5 Be7 21. Rah1 h6 22. Ne4 Bd7 23. g4 Bc6 24. Ng3 Bxf3+ 25. gxf3 f6 26. f4 b5 27. Ne4 bxc4 28. g5 fxg5 29. fxg5 hxg5 30. Nxg5 Bxg5 31. Rxg5 Nd5 32. Rhg1 Rxb2+ 33. Kf3 Rf8+ 34. Ke4 Rf7 35. f4 Re2 36. R5g3 Kf8 37. Kf3 Rxe3+ 0-1

[Event "FRA-chT4 0304"]
[Site "Champagne Ardenne"]
[Date "2004.02.01"]
[Round "5"]
[White "Henry, Solenne"]
[Black "Bohr, Frederic"]
[Result "1-0"]
[WhiteElo "1550"]
[BlackElo "1499"]
[PlyCount "71"]
[EventDate "2003.10.??"]
[EventRounds "6"]
[EventCountry "FRA"]
[SourceTitle "EXT 2005"]
[Source "ChessBase"]
[SourceDate "2004.11.15"]
[SourceVersion "1"]
[SourceVersionDate "2004.11.15"]
[SourceQuality "1"]

1. e4 e5 2. Nf3 Nc6 3. Bc4 Bc5 4. d3 d6 5. h3 Nf6 6. Bg5 b6 7. c3 Na5 8. d4 Nxc4 9. Qa4+ Bd7 10. Qxc4 Qe7 11. dxc5 bxc5 12. b4 h6 13. Bxf6 Qxf6 14. bxc5 0-0 15. cxd6 cxd6 16. Qd3 Bc6 17. 0-0 Rfd8 18. c4 Qf4 19. Nc3 f6 20. g3 Bxe4 21. Qxe4 Qxe4 22. Nxe4 Rac8 23. Rac1 a5 24. a4 Rc6 25. Nh4 Kh7 26. Nf5 Rd7 27. Rfd1 d5 28. cxd5 Rxc1 29. Rxc1 Rxd5 30. Rc5 Rd1+ 31. Kg2 Re1 32. Kf3 Kg6 33. g4 Rh1 34. Neg3 Rxh3 35. Rc7 Kg5 36. Rxg7# 1-0

[Event "FRA-chT4 0304"]
[Site "Champagne Ardenne"]
[Date "2003.10.12"]
[Round "1"]
[White "Henry, Solenne"]
[Black "Barbelin, Jean Pierre"]
[Result "0-1"]
[WhiteElo "1550"]
[BlackElo "1590"]
[PlyCount "56"]
[EventDate "2003.10.??"]
[EventRounds "6"]
[EventCountry "FRA"]
[SourceTitle "EXT 2005"]
[Source "ChessBase"]
[SourceDate "2004.11.15"]
[SourceVersion "1"]
[SourceVersionDate "2004.11.15"]
[SourceQuality "1"]

1. e4 c5 2. d4 cxd4 3. Nf3 d6 4. Nxd4 a6 5. Nc3 Nf6 6. f3 e6 7. Be3 Qc7 8. Qd2 b5 9. a3 Bb7 10. g4 Nc6 11. h4 h6 12. Rg1 Rd8 13. g5 hxg5 14. hxg5 Nxd4 15. Bxd4 Nd7 16. 0-0-0 Ne5 17. Qf2 Rc8 18. Bg2 Nc4 19. Rh1 Rxh1 20. Rxh1 Qe7 21. Qh4 Ne5 22. Bxe5 dxe5 23. g6 Qxh4 24. gxf7+ Kxf7 25. Rxh4 Bc5 26. Rh1 Be3+ 27. Kb1 Rd8 28. Re1 Bf4 0-1